000 00253nam a22001217a 4500
008 170810b xxu||||| |||| 00| 0 eng d
041 _aeng
080 _a004
100 _a35
101 _aSHKI
245 _aAUDIOTRONICS
_cMENNING, H
942 _2udc
_cBK
999 _c23097
_d23097